| 000 | 00584nam a2200181Ia 4500 | ||
|---|---|---|---|
| 008 | 090123s9999 xx 000 0 und d | ||
| 082 |
_b3541 _a891.463/माडखो |
||
| 100 | _aमाडखोलकर ग. त्र्य. | ||
| 245 | _aमुक्तात्मा | ||
| 250 | _a4 | ||
| 260 |
_bकल्पना _c1974 |
||
| 300 | _a339 | ||
| 600 | _aमाडखोलकर ग. त्र्य. | ||
| 630 | _aमुक्तात्मा | ||
| 700 | _aमाडखोलकर ग. त्र्य. | ||
| 730 | _aमुक्तात्मा | ||
| 942 | _cBOOK | ||
| 999 |
_c41621 _d41621 |
||